000 00861cam a2200241 a 4500
001 12538487
005 20241111164057.0
008 010919s2001 mnu 001 0 eng
020 _a0314238581 (alk. paper)
050 0 0 _aKF1345
_b.R48 2001
082 0 0 _a346.7302/9
_221
100 1 _aGregory, William A.,
_d1943-
245 1 4 _aThe law of agency and partnership /
_cby William A. Gregory.
250 _a3rd ed.
260 _aSt. Paul, Minn. :
_bWest Group,
_c2001.
300 _axxxi, 690 p. ;
_c26 cm.
440 0 _aHornbook series
500 _aRev. ed. of: The law of agency and partnership / Harold Gill Reuschlein and William A. Gregory. 2nd ed. 1990.
650 0 _aAgency (Law)
_zUnited States.
650 0 _aPartnership
_zUnited States.
700 1 _aReuschlein, Harold Gill,
_d1904-
_tLaw of agency and partnership.
942 _2lcc
_cBK
_e3rd Ed.
_n0
999 _c1022
_d1022